000 00322nam a22001457a 4500
008 210301b ||||| |||| 00| 0 eng d
020 _a304520203285058
041 _aeng
080 _24th
_a91
082 _a91
100 _a42
101 _aGJEO
245 _aEarth Portrait of a Planet
_cMarshak. S
942 _2udc
_cBK
999 _c55311
_d55311